MARC

LEADER 00000nam0a2200000 4500
001 360035
005 20231102011238.0
035 |a (RuTPU)RU\TPU\retro\17342 
035 |a RU\TPU\retro\17341 
090 |a 360035 
100 |a 20210226d1901 k y0frey50 ba 
101 0 |a fre 
102 |a BE 
105 |a y z 000zy 
200 1 |a Apercu de l'histoire de la météorologi en Belgique  |h P. 1  |e [оттиск статьи]  |f J. Vincent 
210 |a Bruxelles  |c Hayez, Imprimeur de L'Académie Royale de Belgique  |d 1901 
215 |a 54 p. 
225 1 |a L'Annuaire météorologique 
316 |5 63413507: 25//15  |a На титульном листе надпись: "В дар от Н. В. Асташева 25/X 904 г." 
316 |5 63413507: 25//15  |a Экземпляр не разрезан 
316 |5 63413507: 25//15  |a На титульном листе дарственная надпись: "[нрзб] N. d'Astacheff. [нрзб] respectueux J. V." 
316 |5 63413507: 25//15  |a Внутрь вложена записка на французском языке 
317 |5 63413507: 25//15  |a Поступил в НТБ в 1904 г. в дар от наследников Н. В. Асташева 
320 |a Библиогр. в примеч. 
541 1 |a Обзор истории метеорологии в Бельгии  |z fre 
606 1 |a Метеорология  |2 stltpush  |3 (RuTPU)RU\TPU\subj\43458  |9 62957 
610 1 |a Коллекция Н. В. Асташева 
610 1 |a дары 
610 1 |a дары библиотеке 
610 1 |a дарственные надписи 
610 1 |a метеорологические исследования 
610 1 |a метеорологические наблюдения 
610 1 |a метеорологические условия 
610 1 |a метеорологическая служба 
610 1 |a метеорологические данные 
610 1 |a история развития 
610 1 |a метеорологические величины 
610 1 |a земная атмосфера 
610 1 |a атмосферные явления 
610 1 |a атмосферные процессы 
610 1 |a оттиски 
610 1 |a французский язык 
675 |a 551.5  |v 3 
700 1 |a Vincent  |b J. 
801 1 |a RU  |b 63413507  |c 20210216 
801 2 |a RU  |b 63413507  |c 20220621  |g RCR 
942 |c BK